| 000 | 00762nam a22002177a 4500 | ||
|---|---|---|---|
| 005 | 20260403113126.0 | ||
| 008 | 240801b2025 us ||||| |||| 00| | eng d | ||
| 041 | _aeng | ||
| 082 |
_a657 _bN-MA |
||
| 100 | _aNguyễn Ngọc Mai | ||
| 245 |
_aArtificial Intelligence Tools Adoption in Vietnamese Auditing : _bDrivers, Barriers, and Impacts on Auditing Practices / _cNguyễn Ngọc Mai ; Nghd. : Nguyễn Thị Phương |
||
| 260 |
_aH. : _bTrường Quốc tế, _c2026 |
||
| 300 |
_a87 p. ; _c30 cm. |
||
| 653 | _aAC2022 | ||
| 653 | _aKhóa luận chương trình AC | ||
| 653 | _aKế toán, Phân tích và Kiểm toán (AC) | ||
| 700 | _aNguyễn Thị Phương, người hướng dẫn | ||
| 911 | _aDung | ||
| 918 | _aINS4011 | ||
| 942 |
_2ddc _cKL |
||
| 999 |
_c11384 _d11384 |
||